000
00307nam a2200133Ia 4500
008
231129s1961||||xx |||||||||||||| ||spa||
040
_b
spa
082
_a
E863 S487u
100
_a
Serrano Poncela Segundo
245
0
_a
Un olor a crisantemo
260
_c
1961
264
_a
Seix Barral
942
_2
ddc
_c
BKS
999
_c
25882
_d
25882